[Event "Wuertemberg-ch Seniors 27th"]
[Site "Freudenstadt"]
[Date "2015.07.10"]
[Round "9"]
[White "Schmidt, Heinrich"]
[Black "Seibel, Wilhelm"]
[Result "1-0"]
[WhiteElo "1973"]
[BlackElo "1901"]
[PlyCount "59"]
[EventDate "2015.07.03"]
[EventType "swiss"]
[EventRounds "9"]
[EventCountry "GER"]
[SourceTitle "EXT 2016"]
[Source "ChessBase"]
[SourceDate "2015.10.08"]
[SourceVersion "1"]
[SourceVersionDate "2015.10.08"]
[SourceQuality "1"]

1. d4 Nf6 2. c4 e6 3. Nc3 Be7 4. Bg5 h6 5. Bh4 c6 6. Nf3 0-0 7. e3 d5 8. cxd5 exd5 9. Qc2 Bg4 10. Ne5 Nbd7 11. Nxg4 Nxg4 12. Bxe7 Qxe7 13. Bd3 Rfe8 14. 0-0 Qd6 15. g3 a6 16. Rfe1 Ngf6 17. Rac1 Nf8 18. Na4 Ne6 19. Nc5 Ng5 20. Kg2 Re7 21. a4 Rae8 22. b4 Nge4 23. b5 axb5 24. axb5 cxb5 25. Bxb5 Rc8 26. Nxe4 dxe4 27. Qxc8+ Kh7 28. Qc5 Qe6 29. Qe5 Qg4 30. Be2 1-0

[Event "Wuertemberg-ch Seniors 27th"]
[Site "Freudenstadt"]
[Date "2015.07.10"]
[Round "8"]
[White "Seibel, Wilhelm"]
[Black "Schnell, Franz"]
[Result "1-0"]
[WhiteElo "1901"]
[BlackElo "1768"]
[PlyCount "123"]
[EventDate "2015.07.03"]
[EventType "swiss"]
[EventRounds "9"]
[EventCountry "GER"]
[SourceTitle "EXT 2016"]
[Source "ChessBase"]
[SourceDate "2015.10.08"]
[SourceVersion "1"]
[SourceVersionDate "2015.10.08"]
[SourceQuality "1"]

1. Nf3 d5 2. d4 Bf5 3. Bf4 e6 4. e3 Nf6 5. Bd3 Bxd3 6. cxd3 Nbd7 7. Qb3 Qc8 8. Nc3 c6 9. Rc1 a6 10. h3 Be7 11. 0-0 0-0 12. a4 Bd8 13. e4 Bc7 14. e5 h6 15. exf6 Bxf4 16. fxg7 Kxg7 17. Rc2 Rb8 18. g3 Bd6 19. Re2 Qd8 20. Ne5 Nxe5 21. dxe5 Bc5 22. Qd1 Bd4 23. Rd2 Bxe5 24. d4 Bc7 25. Rd3 Bb6 26. Re1 c5 27. dxc5 Bxc5 28. Re5 Bxf2+ 29. Kg2 Qf6 30. Qe2 Bb6 31. Rf3 Qg6 32. Rf4 Bd8 33. Rg4 Bg5 34. h4 f5 35. Rxe6 Rf6 36. Re7+ Rf7 37. Qe5+ Kh7 38. Rxf7+ Qxf7 39. Rxg5 hxg5 40. Qxb8 gxh4 41. gxh4 Qg6+ 42. Qg3 Qb6 43. Qf2 Qg6+ 44. Kh2 Qd6+ 45. Kh3 Qe6 46. Qf4 d4 47. Qxd4 f4+ 48. Kh2 Qg4 49. Qf2 Qf5 50. Qe2 Qf6 51. Qe4+ Kh6 52. Kh3 f3 53. Qe3+ Kh7 54. Qf2 Qf4 55. Qc2+ Kh8 56. Qe4 Qf6 57. Nd5 Qf7 58. Qe5+ Kg8 59. Qg5+ Kf8 60. Qf6 f2 61. Qxf7+ Kxf7 62. Kg2 1-0

[Event "Wuertemberg-ch Seniors 27th"]
[Site "Freudenstadt"]
[Date "2015.07.08"]
[Round "6"]
[White "Seibel, Wilhelm"]
[Black "Heni, Norbert"]
[Result "0-1"]
[WhiteElo "1901"]
[BlackElo "1793"]
[PlyCount "82"]
[EventDate "2015.07.03"]
[EventType "swiss"]
[EventRounds "9"]
[EventCountry "GER"]
[SourceTitle "EXT 2016"]
[Source "ChessBase"]
[SourceDate "2015.10.08"]
[SourceVersion "1"]
[SourceVersionDate "2015.10.08"]
[SourceQuality "1"]

1. Nf3 c5 2. c4 Nc6 3. Nc3 g6 4. e3 Nf6 5. Be2 Bg7 6. 0-0 e5 7. d3 0-0 8. Rb1 d5 9. cxd5 Nxd5 10. e4 Nde7 11. Bg5 h6 12. Bxe7 Nxe7 13. Qa4 Bd7 14. Qc2 Rc8 15. Qd2 b5 16. a3 f5 17. Rfd1 f4 18. b4 cxb4 19. axb4 a6 20. Ra1 Qb6 21. Ra3 Ra8 22. Rda1 Rfc8 23. Bd1 Be6 24. Bb3 Bxb3 25. Rxb3 Rc6 26. Rba3 g5 27. Qa2+ Kf8 28. Nd5 Nxd5 29. Qxd5 Qc7 30. h3 Rd8 31. Qb3 Rdd6 32. Kh2 Bf6 33. R1a2 h5 34. Qb2 g4 35. Nd2 g3+ 36. fxg3 fxg3+ 37. Kxg3 Bg5 38. Kh2 Rf6 39. Nb3 h4 40. Qe2 Bf4+ 41. Kg1 Rc1+ 0-1

[Event "Wuertemberg-ch Seniors 27th"]
[Site "Freudenstadt"]
[Date "2015.07.06"]
[Round "4"]
[White "Seibel, Wilhelm"]
[Black "Haselhorst, Helmut"]
[Result "0-1"]
[WhiteElo "1901"]
[BlackElo "2089"]
[PlyCount "86"]
[EventDate "2015.07.03"]
[EventType "swiss"]
[EventRounds "9"]
[EventCountry "GER"]
[SourceTitle "EXT 2016"]
[Source "ChessBase"]
[SourceDate "2015.10.08"]
[SourceVersion "1"]
[SourceVersionDate "2015.10.08"]
[SourceQuality "1"]

1. Nf3 Nf6 2. c4 g6 3. Nc3 Bg7 4. e3 0-0 5. d4 d5 6. Be2 c5 7. 0-0 cxd4 8. Nxd4 Nc6 9. cxd5 Nxd5 10. Nxd5 Qxd5 11. Bf3 Qc5 12. Nxc6 bxc6 13. Qa4 Be6 14. Rb1 Rab8 15. b3 Rfc8 16. Ba3 Qb5 17. Qxb5 cxb5 18. Bxe7 Rc2 19. a3 a5 20. Rfd1 Rb2 21. Rxb2 Bxb2 22. Bd5 a4 23. Bxe6 fxe6 24. bxa4 bxa4 25. Rb1 Kf7 26. Bd6 Rb3 27. Kf1 Ke8 28. Ke2 Kd7 29. Bf8 Kc6 30. Kd1 Bf6 31. Rc1+ Kd5 32. Rc5+ Ke4 33. Rc4+ Kd3 34. Rc1 Bc3 35. Bd6 e5 36. f4 e4 37. Bc5 Bd2 38. Ra1 Bxe3 39. Bxe3 Kxe3 40. g3 Kd3 41. g4 Rb2 42. Ke1 Rxh2 43. Rd1+ Ke3 0-1

[Event "Wuerttemberg-ch Seniors op 25th"]
[Site "Freudenstadt"]
[Date "2013.07.06"]
[Round "9"]
[White "Engbrecht, Helmut"]
[Black "Seibel, Wilhelm"]
[Result "1-0"]
[WhiteElo "2036"]
[BlackElo "1952"]
[PlyCount "83"]
[EventDate "2013.07.06"]
[EventType "swiss"]
[EventRounds "9"]
[EventCountry "GER"]
[SourceTitle "EXT 2019"]
[Source "ChessBase"]
[SourceDate "2018.10.10"]
[SourceVersion "1"]
[SourceVersionDate "2018.10.10"]
[SourceQuality "1"]

1. f4 d5 2. Nf3 Nc6 3. e3 Bg4 4. Bb5 Qd6 5. h3 Bxf3 6. Qxf3 e6 7. 0-0 0-0-0 8. d4 f5 9. b3 Nf6 10. Ba3 Qd7 11. Bxf8 Rdxf8 12. Nd2 Ne4 13. Nxe4 fxe4 14. Qe2 Qd6 15. Bxc6 Qxc6 16. c4 Qd7 17. Qc2 Qe7 18. Rac1 Rf7 19. g4 Qh4 20. Qg2 Kb8 21. Rf2 Qd8 22. Rcf1 Rhf8 23. b4 c6 24. c5 g5 25. fxg5 Rxf2 26. Rxf2 a5 27. a3 Rxf2 28. Qxf2 Qxg5 29. Qg3+ Ka7 30. h4 Qg6 31. Qf4 Ka6 32. h5 Qg8 33. Kh2 axb4 34. axb4 Kb5 35. g5 Kxb4 36. Qf6 Kc3 37. g6 Qb8+ 38. Kg2 hxg6 39. hxg6 Qa8 40. g7 Qa2+ 41. Qf2 Qa8 42. Qf8 1-0

[Event "GER-ch Seniors"]
[Site "Dresden"]
[Date "2012.08.12"]
[Round "4"]
[White "Seibel, Wilhelm"]
[Black "Merettig, Georg"]
[Result "0-1"]
[WhiteElo "1610"]
[BlackElo "1928"]
[PlyCount "45"]
[EventDate "2012.08.09"]
[EventType "swiss"]
[EventRounds "9"]
[EventCountry "GER"]
[SourceTitle "EXT 2014"]
[Source "ChessBase"]
[SourceDate "2013.11.20"]
[SourceVersion "1"]
[SourceVersionDate "2013.11.20"]
[SourceQuality "1"]

1. Nf3 Nc6 2. c4 f5 3. Nc3 e5 4. e4 fxe4 5. Nxe4 d5 6. cxd5 Qxd5 7. Nc3 Qf7 8. Bb5 Bd6 9. Bxc6+ bxc6 10. Qa4 Ne7 11. 0-0 0-0 12. Ne4 Qg6 13. Ng3 Bg4 14. Nh4 Qg5 15. h3 h6 16. d4 Qxh4 17. hxg4 Qxg4 18. Qb3+ Kh8 19. dxe5 Bxe5 20. Nh1 Rf6 21. Qh3 Qxh3 22. gxh3 Rg6+ 23. Ng3 0-1